[Event "Ostsjaellands EMT 2004"]
[Site "Faxe"]
[Date "2004.03.31"]
[Round "3"]
[White "Refsgaard, Kaj"]
[Black "Hansen, Knud"]
[Result "0-1"]
[WhiteElo "1618"]
[BlackElo "1648"]
[PlyCount "130"]
[EventDate "2004.??.??"]

1. d4 Nf6 2. Bg5 e6 3. e3 Be7 4. Nf3 d6 5. c4 O-O 6. Nc3 b6 7. g3 Bb7 8. Bg2
Nbd7 9. O-O h6 10. Bxf6 Bxf6 11. Rc1 Rb8 12. Re1 a5 13. b3 Be7 14. Qc2 c5 15.
dxc5 dxc5 16. Rcd1 Qc8 17. Nb5 Rd8 18. Nd6 Bxd6 19. Rxd6 Qc7 20. Red1 Bxf3 21.
Bxf3 Ne5 22. Rxd8+ Rxd8 23. Be2 Rxd1+ 24. Qxd1 Qd7 25. Qc2 Qd6 26. Qe4 g6 27.
h4 h5 28. Qf4 Kg7 29. g4 hxg4 30. Bxg4 f5 31. Be2 Nf7 32. Qf3 e5 33. Kf1 e4 34.
Qh3 Qf6 35. Qg3 Qe5 36. Qxe5+ Nxe5 37. Ke1 Kh6 38. Kd2 g5 39. hxg5+ Kxg5 40.
Kc3 f4 41. exf4+ Kxf4 42. Kd2 Nf7 43. a3 Ng5 44. Kc3 Nh3 45. b4 axb4+ 46. axb4
Nxf2 47. bxc5 bxc5 48. Kb3 Ke3 49. Bf1 Kd4 50. Be2 e3 51. Kc2 Ne4 52. Bf3 Nd6
53. Kd1 Nxc4 54. Ke2 Ne5 55. Bh5 c4 56. Be8 c3 57. Ba4 Nd3 58. Bd1 Nb4 59. Bb3
c2 60. Bxc2 Nxc2 61. Kd1 Kd3 62. Kc1 e2 63. Kb2 e1=Q 64. Ka2 Qa1+ 65. Kb3 Qa3#
0-1

[Event "Ostsjaellands EMT 2004"]
[Site "Faxe"]
[Date "2004.04.14"]
[Round "4"]
[White "Eriksen, Knud Ejler"]
[Black "Hansen, Erik Friberg"]
[Result "0-1"]
[WhiteElo "1169"]
[BlackElo "1283"]
[PlyCount "176"]
[EventDate "2004.??.??"]

1. d4 d5 2. c4 e6 3. e3 Nf6 4. Nc3 Bd6 5. Nf3 O-O 6. Be2 Nbd7 7. O-O c6 8. cxd5
exd5 9. a3 Re8 10. Re1 Nf8 11. h3 Bf5 12. Bd2 h6 13. Rc1 N8d7 14. Qb3 Qb6 15.
Qa2 Ne4 16. b4 a6 17. Red1 Qa7 18. Be1 Nxc3 19. Bxc3 Nf6 20. Qa1 Qb8 21. Bd3
Bxd3 22. Rxd3 Ne4 23. Bb2 f6 24. Re1 Qc7 25. Qd1 Qf7 26. Nh4 f5 27. Rf1 Rf8 28.
f4 Ng3 29. Rf2 Ne4 30. Rc2 Be7 31. Nf3 Qh5 32. Qe1 Bf6 33. Bc3 Kh7 34. Qd1 Rg8
35. Be1 g5 36. Nxg5+ Kg6 37. Qxh5+ Kxh5 38. Nf3 Kg6 39. Nh2 Kf7 40. Nf3 h5 41.
Ne5+ Bxe5 42. dxe5 Ke6 43. Kh2 Rg7 44. Rb3 Rgg8 45. Bh4 Rac8 46. a4 b5 47. axb5
axb5 48. Ra3 Kd7 49. Ra7+ Rc7 50. e6+ Kd6 51. Rxc7 Kxc7 52. e7 Re8 53. Kg1 Nd6
54. Bf6 Nc8 55. Be5+ Kd7 56. Bf6 Nxe7 57. Bxe7 Rxe7 58. Kf2 Rg7 59. Ra2 Kd6 60.
Ra8 Rh7 61. Rd8+ Ke7 62. Rc8 Kd7 63. Rf8 Ke6 64. Kf3 Ke7 65. Rxf5 Ke6 66. Re5+
Kd6 67. Rg5 c5 68. bxc5+ Kxc5 69. e4 b4 70. Rxd5+ Kc4 71. Rd1 b3 72. Rc1+ Kb4
73. e5 b2 74. Rb1 Kb3 75. Rxb2+ Kxb2 76. Ke4 Rg7 77. Kf3 Re7 78. g4 hxg4+ 79.
hxg4 Kc3 80. Ke4 Kc4 81. f5 Kc5 82. Kf4 Kd5 83. e6 Kd6 84. g5 Ra7 85. f6 Kxe6
86. Kg4 Kf7 87. Kh5 Ra8 88. Kh6 Rh8# 0-1

[Event "Ostsjaellands EMT 2004"]
[Site "Faxe"]
[Date "2004.04.14"]
[Round "4"]
[White "Jensen, Leif"]
[Black "Hansen, Knud"]
[Result "1-0"]
[WhiteElo "2036"]
[BlackElo "1648"]
[PlyCount "51"]
[EventDate "2004.??.??"]

1. e4 e5 2. Nc3 d6 3. Bc4 Nf6 4. d3 Be7 5. f4 O-O 6. Nf3 Nc6 7. O-O exf4 8.
Bxf4 Na5 9. Bb3 Nxb3 10. axb3 c6 11. Qd2 Nh5 12. Be3 a6 13. Nd4 Nf6 14. Nf5
Bxf5 15. Rxf5 Nd7 16. Raf1 Ne5 17. Bd4 Ng6 18. Rh5 Qd7 19. Bxg7 Qg4 20. Qh6
Qxh5 21. Qxh5 Kxg7 22. Ne2 h6 23. Ng3 Bg5 24. Nf5+ Kh7 25. Nxd6 f6 26. Qg4 1-0

[Event "Ostsjaellands EMT 2004"]
[Site "Faxe"]
[Date "2004.04.14"]
[Round "4"]
[White "Toftvang, Ove"]
[Black "Jensen, Herman"]
[Result "0-1"]
[WhiteElo "1261"]
[BlackElo "1663"]
[PlyCount "90"]
[EventDate "2004.??.??"]

1. e4 d6 2. d4 Nf6 3. Nc3 g6 4. Nf3 Bg7 5. Be2 O-O 6. O-O b6 7. a3 Bb7 8. d5
Nbd7 9. Bf4 Re8 10. Bb5 a6 11. Bxd7 Nxd7 12. e5 dxe5 13. Nxe5 Bxe5 14. Bh6 Bg7
15. Bxg7 Kxg7 16. Qd4+ Kg8 17. Rad1 Nf6 18. Rd3 Qd6 19. Ne4 Nxe4 20. Qxe4 e6
21. Qh4 Qe5 22. Rh3 h5 23. Rg3 Kh7 24. Rg5 Qe2 25. Qf4 Rf8 26. dxe6 Qxe6 27.
Re5 Qc6 28. f3 Rae8 29. Rxe8 Qxe8 30. Qxc7 Qc6 31. Qf4 Qc5+ 32. Rf2 Bd5 33. h4
Re8 34. Qd2 Be6 35. Kh2 Qe5+ 36. g3 Qxb2 37. Re2 Qf6 38. f4 Rd8 39. Qe3 Rd1 40.
Qxb6 Bd5 41. Qg1 Rxg1 42. Kxg1 Qd4+ 43. Kh2 Qd1 44. Rg2 Qf1 45. Rg1 Qf2+ 0-1

[Event "Ostsjaellands EMT 2004"]
[Site "Faxe"]
[Date "2004.04.14"]
[Round "4"]
[White "Christoffersen, Per"]
[Black "Refsgaard, Kaj"]
[Result "1-0"]
[WhiteElo "1425"]
[BlackElo "1618"]
[PlyCount "81"]
[EventDate "2004.??.??"]

1. d4 Nf6 2. c4 g6 3. Nc3 Bg7 4. e4 d6 5. Nf3 O-O 6. Be2 Nbd7 7. O-O c5 8. d5
a6 9. Qc2 Nb6 10. h3 Nfd7 11. a4 Ne5 12. Nxe5 Bxe5 13. Be3 Nd7 14. f4 Bd4 15.
Bxd4 cxd4 16. Nd1 e5 17. fxe5 dxe5 18. Nf2 Qg5 19. c5 Nf6 20. Qd3 Nh5 21. Bxh5
Qxh5 22. Qg3 f6 23. Qf3 Qg5 24. Nd3 Bd7 25. Rac1 Rae8 26. c6 bxc6 27. Nc5 Bc8
28. dxc6 f5 29. exf5 Rxf5 30. Qd5+ Kg7 31. Ne4 Qe3+ 32. Kh2 Rxf1 33. Rxf1 Bf5
34. Nd6 Rf8 35. Nxf5+ Rxf5 36. Qd7+ Kh6 37. Rxf5 gxf5 38. Qxf5 d3 39. c7 d2 40.
c8=Q d1=Q 41. Qce6+ 1-0

[Event "Ostsjaellands EMT 2004"]
[Site "Faxe"]
[Date "2004.04.14"]
[Round "4"]
[White "Lillebro, Verner"]
[Black "Nielsen, Johannes"]
[Result "1-0"]
[WhiteElo "1219"]
[BlackElo "1111"]
[PlyCount "87"]
[EventDate "2004.??.??"]

1. d4 e6 2. c4 Nf6 3. Bg5 Be7 4. Nf3 d6 5. Nc3 c6 6. e4 Nbd7 7. Bd3 O-O 8. Qc2
h6 9. Bf4 b6 10. O-O-O a5 11. h4 e5 12. Be3 Ng4 13. g3 Bb7 14. Qe2 Qc7 15. d5
c5 16. Nh2 Nxh2 17. Rxh2 Nb8 18. Qg4 Qc8 19. Be2 Qxg4 20. Bxg4 Ba6 21. b3 Rc8
22. Bxc8 Bxc8 23. f4 Bf6 24. Nb5 Bg4 25. Rf1 a4 26. Kb1 axb3 27. a3 Bd7 28. Bc1
Ra4 29. Nxd6 exf4 30. gxf4 b2 31. Bxb2 Bxb2 32. Kxb2 Bg4 33. Kb3 Ra6 34. f5 Nd7
35. Rf4 Bd1+ 36. Kb2 Ne5 37. Rd2 b5 38. Rxd1 Rxd6 39. cxb5 Nc4+ 40. Ka2 Rb6 41.
Rc1 Nxa3 42. Kxa3 Rxb5 43. Rc4 Ra5+ 44. Ra4 1-0

[Event "Ostsjaellands EMT 2004"]
[Site "Faxe"]
[Date "2004.04.14"]
[Round "4"]
[White "Karstensen, Preben"]
[Black "Wehlast, Svend Erik"]
[Result "1/2-1/2"]
[WhiteElo "1533"]
[BlackElo "1425"]
[PlyCount "126"]
[EventDate "2004.??.??"]

1. d4 d5 2. c4 e6 3. Nf3 Be7 4. e3 Nf6 5. Be2 O-O 6. O-O c5 7. dxc5 Bxc5 8. a3
a6 9. b4 Ba7 10. Bb2 dxc4 11. Bxc4 b5 12. Bb3 Bb7 13. Qe2 Nc6 14. Nc3 Qe7 15.
Bc2 Nd7 16. Ne4 Rad8 17. Rad1 Nb6 18. Nc5 Nc4 19. Nxb7 Rxd1 20. Rxd1 Nxb2 21.
Rb1 Nc4 22. Na5 N6xa5 23. bxa5 Qxa3 24. Nd4 Bxd4 25. exd4 Qxa5 26. Qd3 g6 27.
h4 Rd8 28. h5 Qb6 29. Qxc4 Rxd4 30. Qc8+ Rd8 31. Qc3 gxh5 32. Qf6 Qd4 33. Qg5+
Kh8 34. Rd1 Qxd1+ 35. Bxd1 Rxd1+ 36. Kh2 Rd5 37. Qf6+ Kg8 38. Qa1 b4 39. Qxa6
b3 40. Qb6 Rd2 41. Qxb3 h4 42. f3 Rd5 43. Kh3 Rd2 44. Qe3 Rd5 45. Qh6 Rd1 46.
Kh2 Rd5 47. Qxh4 h5 48. Qf6 Kf8 49. Kh3 Ke8 50. Qh8+ Ke7 51. Qb8 Kf6 52. Kh4
Ke7 53. f4 Rf5 54. g3 Kf6 55. g4 hxg4 56. Kxg4 Ke7 57. Qb4+ Kf6 58. Qf8 Kg6 59.
Qg8+ Kf6 60. Qh8+ Ke7 61. Qh7 Kf8 62. Qxf5 exf5+ 63. Kxf5 Kg7 1/2-1/2

[Event "Ostsjaellands EMT 2004"]
[Site "Faxe"]
[Date "2004.04.14"]
[Round "4"]
[White "Hansen, Arne Mandrup"]
[Black "Hansen, Egon"]
[Result "0-1"]
[WhiteElo "1298"]
[BlackElo "1597"]
[PlyCount "84"]
[EventDate "2004.??.??"]

1. d4 Nf6 2. Bf4 d5 3. e3 e6 4. Nf3 Bd6 5. Bg3 O-O 6. c4 b6 7. Nc3 Bb7 8. a3 c5
9. Nb5 Bxg3 10. hxg3 Nc6 11. Qc2 Ne4 12. O-O-O f5 13. Nc3 Ne7 14. Nxe4 fxe4 15.
Ng5 Rf6 16. Rxh7 Rg6 17. Rh5 Nf5 18. Nxe6 Rxe6 19. Rxf5 Rc8 20. Kb1 g6 21. Re5
Qe8 22. Rxe6 Qxe6 23. f4 Qg4 24. Be2 Qxg3 25. Rg1 Qxe3 26. Rh1 cxd4 27. f5 d3
28. Bxd3 Qxd3 29. Qxd3 exd3 30. cxd5 Bxd5 31. Rd1 Be4 32. fxg6 Bxg6 33. Rd2 Rc2
34. Rxc2 dxc2+ 35. Kc1 Kf7 36. Kd2 Ke6 37. g3 Kd5 38. Kc1 Kc4 39. g4 b5 40. Kd2
Kb3 41. Kc1 Ka2 42. g5 Kb3 0-1

[Event "Ostsjaellands EMT 2004"]
[Site "Faxe"]
[Date "2004.04.14"]
[Round "4"]
[White "Rasmussen, Arne"]
[Black "Jensen, Niels"]
[Result "1-0"]
[WhiteElo "1258"]
[BlackElo "1390"]
[PlyCount "139"]
[EventDate "2004.??.??"]

1. e4 e5 2. Nf3 Nc6 3. Bb5 Bc5 4. O-O Nge7 5. a3 a6 6. Bc4 d6 7. h3 h6 8. d3
Ng6 9. Be3 Ba7 10. Bxa7 Nxa7 11. Nc3 O-O 12. Re1 Nc6 13. Ne2 Nce7 14. c3 c6 15.
Ba2 d5 16. Ng3 Kh8 17. exd5 cxd5 18. Nxe5 Nxe5 19. Rxe5 Be6 20. d4 Ng6 21. Re3
Qd7 22. Qf3 Rad8 23. Nh5 Nh4 24. Qf4 Nf5 25. Ree1 Qd6 26. Qxd6 Rxd6 27. Nf4 Nh4
28. Re3 Nf5 29. Re5 Ne7 30. Rae1 Nc6 31. R5e3 Ne7 32. Nxe6 fxe6 33. Rxe6 Rxe6
34. Rxe6 Ng8 35. Bxd5 Nf6 36. Bxb7 Rb8 37. Re7 a5 38. b4 axb4 39. axb4 Kg8 40.
Rc7 Ne8 41. Rc8 Rxc8 42. Bxc8 Nd6 43. Be6+ Kf8 44. f3 Nb5 45. c4 Nxd4 46. Bd5
Ke7 47. b5 Kd7 48. Kf2 Kc7 49. Ke3 Nf5+ 50. Kf4 Ne7 51. g3 Nc8 52. Ke5 Nb6 53.
h4 Na4 54. h5 Kd7 55. Kf5 Ke7 56. f4 Nb6 57. g4 Nd7 58. g5 hxg5 59. fxg5 Kf8
60. h6 gxh6 61. gxh6 Nb6 62. Kg6 Nd7 63. h7 Ne5+ 64. Kf5 Kg7 65. Kxe5 Kxh7 66.
b6 Kg7 67. b7 Kf8 68. b8=Q+ Ke7 69. Qb7+ Kd8 70. Ke6 1-0

[Event "Ostsjaellands EMT 2004"]
[Site "Faxe"]
[Date "2004.04.14"]
[Round "4"]
[White "Hansen, Mogens Egon"]
[Black "Eckert, Svend"]
[Result "0-1"]
[WhiteElo "1357"]
[BlackElo "1463"]
[PlyCount "128"]
[EventDate "2004.??.??"]

1. c4 Nf6 2. Nc3 e5 3. g3 c6 4. Bg2 d5 5. cxd5 cxd5 6. d4 e4 7. Bg5 Bb4 8. Bd2
Nc6 9. e3 O-O 10. Nge2 Bg4 11. O-O Bf3 12. Re1 g5 13. Bxf3 exf3 14. Nc1 g4 15.
Nd3 Bd6 16. a3 Rc8 17. Qb3 Na5 18. Qd1 Nc4 19. Bc1 Re8 20. Nf4 Bxf4 21. exf4
Ne4 22. Nxe4 dxe4 23. Be3 Nxb2 24. Qb1 Nd3 25. Rd1 Rc3 26. Ra2 Qc7 27. Rf1 Re6
28. Qb5 Rh6 29. Qg5+ Rg6 30. Qf5 Nc1 31. Ra1 Ne2+ 32. Kh1 Qe7 33. Qd5 Rd6 34.
Qg5+ Qxg5 35. fxg5 Nxd4 36. a4 Nc2 37. Bf4 Rd5 38. Rab1 b6 39. Rfc1 Rdd3 40.
Rf1 e3 41. fxe3 Nxe3 42. Bxe3 Rxe3 43. Rf2 Re6 44. Kg1 Kg7 45. Rbf1 Kg6 46. Rd1
Kxg5 47. Rd5+ Kg6 48. Rd1 Ra3 49. Rdf1 Rxa4 50. h3 h5 51. h4 b5 52. Rb1 b4 53.
Kf1 a5 54. Rd2 Ra3 55. Kf2 b3 56. Rbb2 a4 57. Kf1 Ra1+ 58. Kf2 Re2+ 59. Rxe2
fxe2 60. Kxe2 Ra2 61. Rd2 Rxd2+ 62. Kxd2 b2 63. Kc2 a3 64. Kb1 Kf5 0-1

[Event "Ostsjaellands EMT 2004"]
[Site "Faxe"]
[Date "2004.04.21"]
[Round "5"]
[White "Rasmussen, Arne"]
[Black "Refsgaard, Kaj"]
[Result "0-1"]
[WhiteElo "1258"]
[BlackElo "1618"]
[PlyCount "97"]
[EventDate "2004.??.??"]

1. e4 c5 2. Nf3 Nc6 3. Nc3 g6 4. Bc4 e6 5. a3 Bg7 6. d3 a6 7. O-O Nf6 8. Rb1
O-O 9. Bd2 b5 10. Ba2 Bb7 11. Ne2 Rc8 12. c3 d5 13. exd5 Nxd5 14. Bxd5 Qxd5 15.
Be3 Ne5 16. Nc1 Nxf3+ 17. Qxf3 Qxf3 18. gxf3 Bxf3 19. Nb3 Be2 20. Rfe1 Bxd3 21.
Rbc1 c4 22. Nc5 Rc6 23. Rcd1 Bf5 24. Rd2 Rfc8 25. Nb7 Bd3 26. f3 R6c7 27. Na5
Rd7 28. Rg2 Rd5 29. Rg4 Bf5 30. Rg2 Re5 31. Kf2 Bf6 32. Bf4 Bh4+ 33. Bg3 Bxg3+
34. hxg3 Rd5 35. Kg1 Rcd8 36. g4 Rd1 37. Rxd1 Rxd1+ 38. Kh2 Bb1 39. Nc6 Rd6 40.
Nd4 e5 41. Ne2 f6 42. Ng3 Kf7 43. Nf1 e4 44. f4 Rd1 45. Ne3 Re1 46. Rg3 Re2+
47. Kh3 Rxb2 48. Nd1 Rb3 49. Rg1 0-1

[Event "Ostsjaellands EMT 2004"]
[Site "Faxe"]
[Date "2004.04.21"]
[Round "5"]
[White "Hansen, Erik Friberg"]
[Black "Hansen, Mogens Egon"]
[Result "1/2-1/2"]
[WhiteElo "1283"]
[BlackElo "1357"]
[PlyCount "72"]
[EventDate "2004.??.??"]

1. c4 e5 2. Nc3 c6 3. e4 Nf6 4. d3 d6 5. Nf3 Bg4 6. g3 Be7 7. Bg2 O-O 8. O-O
Nbd7 9. Be3 c5 10. Qd2 a6 11. a3 Nb6 12. h3 Bxf3 13. Bxf3 Qd7 14. Bg2 Rad8 15.
Rad1 Ne8 16. Kh2 Rc8 17. h4 Qd8 18. f4 f6 19. f5 Nc7 20. Qe2 Qe8 21. Qg4 Kh8
22. h5 Rg8 23. b3 Rb8 24. Bf3 Nc8 25. a4 Bd8 26. Kg2 Ne7 27. Qh3 Rf8 28. Rh1
Qf7 29. h6 g6 30. fxg6 Nxg6 31. Bh5 Rg8 32. Rdf1 Qe6 33. Bg4 Qf7 34. Nd5 Nf8
35. Bh5 Ng6 36. Bg4 Nf8 1/2-1/2

[Event "Ostsjaellands EMT 2004"]
[Site "Faxe"]
[Date "2004.04.21"]
[Round "5"]
[White "Jensen, Niels"]
[Black "Nielsen, Johannes"]
[Result "1-0"]
[WhiteElo "1390"]
[BlackElo "1111"]
[PlyCount "73"]
[EventDate "2004.??.??"]

1. e4 e5 2. Bc4 Nf6 3. d3 h6 4. Nc3 Bb4 5. Bd2 c6 6. a3 Bxc3 7. Bxc3 Qc7 8. Nf3
d6 9. h3 O-O 10. O-O b6 11. Nh4 Kh8 12. f4 Nbd7 13. Ba2 Bb7 14. Qe2 Rae8 15.
Bd2 c5 16. b4 d5 17. exd5 exf4 18. Qf2 Bxd5 19. Bxf4 Qc6 20. c4 Be6 21. b5 Qc8
22. a4 Rg8 23. Bd2 g5 24. Nf5 Bxf5 25. Qxf5 Rg6 26. Bc3 Kh7 27. Bb3 Ne5 28.
Bxe5 Qxf5 29. Rxf5 Re6 30. Raf1 Kg7 31. d4 cxd4 32. Bxd4 Rd6 33. Be5 Re6 34. c5
Rxe5 35. Rxe5 bxc5 36. Rxc5 Ne4 37. Rxf7+ 1-0

[Event "Ostsjaellands EMT 2004"]
[Site "Faxe"]
[Date "2004.04.21"]
[Round "5"]
[White "Wehlast, Svend Erik"]
[Black "Hansen, Egon"]
[Result "1-0"]
[WhiteElo "1425"]
[BlackElo "1597"]
[PlyCount "107"]
[EventDate "2004.??.??"]

1. d4 Nf6 2. Nf3 g6 3. c4 d6 4. Bf4 Bg7 5. h3 O-O 6. Nc3 Nbd7 7. e3 Nh5 8. Bh2
f5 9. Be2 Nhf6 10. O-O e6 11. Qb3 Qe7 12. Rad1 Kh8 13. Nb5 Ne8 14. Qa3 a6 15.
Nxc7 Nxc7 16. Bxd6 Qd8 17. Bxf8 Bxf8 18. Qd3 Nf6 19. Ne5 Kg7 20. a3 Bd7 21.
Nxd7 Qxd7 22. f4 Rd8 23. b4 b5 24. cxb5 Qxb5 25. Qc2 Qb6 26. Rc1 Nfe8 27. Qa4
Rd6 28. Rc2 Kf7 29. Rfc1 Nb5 30. Bf3 Nec7 31. Qb3 Ne8 32. Rc6 Nxd4 33. exd4
Qxd4+ 34. Kh1 Qxf4 35. Qc4 Qxc4 36. R1xc4 e5 37. Rxd6 Nxd6 38. Rc6 a5 39. Bd5+
Ke7 40. Rc7+ Kd8 41. Rxh7 axb4 42. axb4 Ne8 43. b5 Nf6 44. Rh8 Nxd5 45. Rxf8+
Kc7 46. Rg8 Kb6 47. Rxg6+ Kxb5 48. h4 Kc5 49. h5 e4 50. h6 Nf4 51. Rf6 e3 52.
Rxf5+ Nd5 53. h7 e2 54. Re5 1-0

[Event "Ostsjaellands EMT 2004"]
[Site "Faxe"]
[Date "2004.04.21"]
[Round "5"]
[White "Jensen, Herman"]
[Black "Karstensen, Preben"]
[Result "1-0"]
[WhiteElo "1663"]
[BlackElo "1533"]
[PlyCount "95"]
[EventDate "2004.??.??"]

1. e4 e5 2. Nf3 Nf6 3. Nc3 Nc6 4. Bb5 d6 5. d4 exd4 6. Nxd4 Bd7 7. O-O Be7 8.
Re1 O-O 9. a3 a6 10. Bc4 Nxd4 11. Qxd4 Bc6 12. Bf4 Nh5 13. Be3 Bf6 14. Qd2 Bxc3
15. Qxc3 Nf6 16. f3 Kh8 17. Bd4 Ne8 18. b4 Qg5 19. Kh1 Bd7 20. e5 Bb5 21. Bb3
Bd7 22. Bd5 c6 23. Bc4 d5 24. Be3 Qg6 25. Bd3 Bf5 26. Bxf5 Qxf5 27. Bc5 Rg8 28.
g4 Qe6 29. h3 Nc7 30. a4 Qh6 31. Kg2 Ne6 32. Be3 g5 33. Rh1 Qg6 34. h4 d4 35.
Bxd4 Nxd4 36. Qxd4 Qxc2+ 37. Qf2 Qxf2+ 38. Kxf2 gxh4 39. Rad1 Rad8 40. Ke3 Rd5
41. Rxd5 cxd5 42. Kd4 Rd8 43. Rxh4 Kg7 44. f4 b6 45. g5 Kg6 46. Rh6+ Kf5 47.
Rf6+ Kg4 48. Rxf7 1-0

[Event "Ostsjaellands EMT 2004"]
[Site "Faxe"]
[Date "2004.04.21"]
[Round "5"]
[White "Lillebro, Verner"]
[Black "Toftvang, Ove"]
[Result "0-1"]
[WhiteElo "1219"]
[BlackElo "1261"]
[PlyCount "116"]
[EventDate "2004.??.??"]

1. d4 Nf6 2. c4 d6 3. Bg5 Nbd7 4. Nf3 h6 5. Bd2 c6 6. Nc3 a6 7. e4 e6 8. Be2
Be7 9. O-O O-O 10. Qc2 e5 11. dxe5 dxe5 12. Be3 Ng4 13. Qd3 Nxe3 14. Qxe3 Bc5
15. Qd3 Qe7 16. Rad1 Rd8 17. a3 Bb6 18. b4 a5 19. b5 Qxa3 20. Ra1 Qe7 21. bxc6
bxc6 22. Qc2 Nc5 23. h3 Ne6 24. Qb2 Bd4 25. Rfd1 Nf4 26. Nxd4 exd4 27. Na4 Bxh3
28. gxh3 Qg5+ 29. Kf1 Qg2+ 30. Ke1 Nxh3 31. Bf1 Qxe4+ 32. Qe2 Qh1 33. Kd2 Ng5
34. Nc5 Qh2 35. Nd3 Re8 36. Qg4 Ne4+ 37. Kc1 Nxf2 38. Nxf2 Qxf2 39. Bd3 Qe3+
40. Kc2 a4 41. Ra3 Qe7 42. Rg1 g5 43. Raa1 Qb4 44. Qxd4 a3 45. Rgb1 Qa4+ 46.
Kc3 a2 47. Rb2 Qa5+ 48. Kc2 Qa4+ 49. Kc3 Qa5+ 50. Kc2 Qc7 51. Kc3 c5 52. Qd5
Ra3+ 53. Rb3 Qa5+ 54. Kb2 Rxb3+ 55. Kxb3 Rb8+ 56. Kc2 Qa4+ 57. Kc3 Qb3+ 58. Kd2
Qb2+ 0-1

[Event "Ostsjaellands EMT 2004"]
[Site "Faxe"]
[Date "2004.04.21"]
[Round "5"]
[White "Jensen, Leif"]
[Black "Christoffersen, Per"]
[Result "1-0"]
[WhiteElo "2036"]
[BlackElo "1425"]
[PlyCount "79"]
[EventDate "2004.??.??"]

1. e4 e6 2. d4 d5 3. Nd2 Nf6 4. e5 Nfd7 5. c3 c5 6. f4 Nc6 7. Ndf3 cxd4 8. cxd4
Bb4+ 9. Kf2 Nb6 10. g3 Bd7 11. Bd3 h6 12. Kg2 Qc7 13. a3 Be7 14. Bd2 Rc8 15. h4
f6 16. Rc1 f5 17. Qe2 Kd8 18. Bb1 Be8 19. Qd3 Qd7 20. Ne2 Nb8 21. Ba5 Qb5 22.
Qxb5 Bxb5 23. Bxb6+ axb6 24. Nc3 Bc6 25. Kf2 b5 26. Bd3 b4 27. axb4 Bxb4 28.
Rc2 Kd7 29. Rhc1 Bxc3 30. Rxc3 Na6 31. Bxa6 bxa6 32. Nd2 Ba4 33. Ke3 Rxc3+ 34.
Rxc3 Rb8 35. Ra3 Rb4 36. Kd3 Bb5+ 37. Kc3 Ra4 38. Rxa4 Bxa4 39. Kb4 Bb5 40. Nb3
1-0

[Event "Ostsjaellands EMT 2004"]
[Site "Faxe"]
[Date "2004.04.26"]
[Round "5"]
[White "Hansen, Arne Mandrup"]
[Black "Eriksen, Knud Ejler"]
[Result "1/2-1/2"]
[WhiteElo "1298"]
[BlackElo "1169"]
[PlyCount "84"]
[EventDate "2004.??.??"]

1. d4 Nf6 2. Bf4 e6 3. e3 a6 4. Nf3 d6 5. h3 Nbd7 6. c4 Ne4 7. Bd3 d5 8. Nc3
Bb4 9. Rc1 c6 10. O-O Ndf6 11. Qb3 Qe7 12. cxd5 exd5 13. a3 Ba5 14. Na4 Bc7 15.
Bxc7 Qxc7 16. Nb6 Rb8 17. Nxd5 Qd8 18. Nxf6+ Nxf6 19. e4 O-O 20. Rfd1 Be6 21.
Qc2 h6 22. Qe2 Qd7 23. e5 Nd5 24. Qe4 f5 25. exf6 Nxf6 26. Qh4 Qd6 27. Ne5 Nd5
28. Nf3 Nf4 29. Bc4 Bxc4 30. Rxc4 Qd5 31. Rc5 Qe4 32. Kh2 Qg6 33. Qg4 Qd6 34.
Re5 Kh7 35. g3 Ng6 36. Re6 Qd5 37. Rxg6 Rf7 38. Rd3 Rbf8 39. Kg2 Kh8 40. h4 h5
41. Qg5 Rf5 42. Rh6+ gxh6 1/2-1/2

[Event "Ostsjaellands EMT 2004"]
[Site "Faxe"]
[Date "2004.04.28"]
[Round "6"]
[White "Jensen, Herman"]
[Black "Jensen, Leif"]
[Result "1/2-1/2"]
[WhiteElo "1663"]
[BlackElo "2036"]
[PlyCount "52"]
[EventDate "2004.??.??"]

1. e4 e6 2. d4 d5 3. Nc3 dxe4 4. Nxe4 Nd7 5. Nf3 Ngf6 6. Bd3 Nxe4 7. Bxe4 Nf6
8. Bg5 Be7 9. Bxf6 Bxf6 10. O-O O-O 11. c3 c6 12. Rb1 Qc7 13. Qc2 h6 14. Rfe1
b6 15. Re2 Bb7 16. b4 Rac8 17. Ne5 Bxe5 18. dxe5 c5 19. b5 Bxe4 20. Rxe4 Rfd8
21. f4 Rd7 22. Ree1 Rcd8 23. Rbd1 Rd5 24. Rxd5 Rxd5 25. Rd1 Qd7 26. Rxd5 Qxd5
1/2-1/2

[Event "Ostsjaellands EMT 2004"]
[Site "Faxe"]
[Date "2004.04.28"]
[Round "6"]
[White "Refsgaard, Kaj"]
[Black "Hansen, Egon"]
[Result "0-1"]
[WhiteElo "1618"]
[BlackElo "1597"]
[PlyCount "70"]
[EventDate "2004.??.??"]

1. d4 d5 2. c4 e6 3. Nc3 Nf6 4. Bg5 Be7 5. e3 O-O 6. Nf3 a6 7. Rc1 Nbd7 8. cxd5
exd5 9. Bd3 Re8 10. O-O h6 11. Bh4 Nh7 12. Bg3 Ndf6 13. Bc2 Bg4 14. Qe2 Ng5 15.
Bd1 Bd6 16. Qc2 Nge4 17. Re1 Qd7 18. Ne5 Bxe5 19. dxe5 Nxc3 20. bxc3 Ne4 21. f4
g5 22. Qd3 Bf5 23. Qd4 Nxg3 24. hxg3 b6 25. Bb3 Rad8 26. Rcd1 Qe6 27. e4 Bg4
28. Rc1 gxf4 29. gxf4 Qg6 30. exd5 c6 31. d6 Bh3 32. Qf2 Bf5 33. Qe3 Rxd6 34.
Qf3 Rdd8 35. Qxc6 Qxc6 0-1

[Event "Ostsjaellands EMT 2004"]
[Site "Faxe"]
[Date "2004.04.28"]
[Round "6"]
[White "Eckert, Svend"]
[Black "Wehlast, Svend Erik"]
[Result "1-0"]
[WhiteElo "1463"]
[BlackElo "1425"]
[PlyCount "93"]
[EventDate "2004.??.??"]

1. c4 c5 2. Nf3 Nf6 3. b3 Nc6 4. Bb2 e6 5. e3 d5 6. d4 cxd4 7. exd4 b6 8. Nbd2
a5 9. a3 Be7 10. Rc1 Bb7 11. cxd5 exd5 12. Bb5 Rc8 13. Ne5 Qd6 14. Qc2 O-O 15.
Nxc6 Rxc6 16. Bxc6 Rc8 17. Qf5 Rxc6 18. O-O Bc8 19. Qe5 Bd7 20. Qxd6 Bxd6 21.
Rxc6 Bxc6 22. Rc1 Bd7 23. g3 h6 24. Nf3 Ne4 25. Ne5 Bh3 26. Rc6 Bxe5 27. dxe5
b5 28. f4 b4 29. axb4 axb4 30. Rb6 Nc5 31. Rxb4 Nd3 32. Rb8+ Kh7 33. Bd4 g5 34.
Rb7 Kg6 35. Be3 g4 36. b4 Kf5 37. Rxf7+ Ke4 38. Bd2 Kf3 39. e6 Nf2 40. Rf5 Bg2
41. Rh5 Ne4 42. Be1 d4 43. e7 Nf6 44. Rxh6 Ne8 45. Rh8 Ke2 46. Kxg2 Kxe1 47.
Rxe8 1-0

[Event "Ostsjaellands EMT 2004"]
[Site "Faxe"]
[Date "2004.04.28"]
[Round "6"]
[White "Jensen, Niels"]
[Black "Eriksen, Knud Ejler"]
[Result "1-0"]
[WhiteElo "1390"]
[BlackElo "1169"]
[PlyCount "93"]
[EventDate "2004.??.??"]

1. e4 e5 2. Bc4 Nf6 3. d3 d6 4. h3 Nc6 5. a3 a6 6. Nf3 Be7 7. Nc3 h6 8. Be3 O-O
9. O-O Qe8 10. d4 exd4 11. Nxd4 Bd7 12. Nde2 Bd8 13. Nf4 Ne5 14. Ba2 Bc6 15.
Nfd5 Rb8 16. Bd4 Ned7 17. Nf4 Kh8 18. Re1 Be7 19. Nd3 a5 20. e5 dxe5 21. Nxe5
Kg8 22. Ng6 Kh7 23. Nxe7 Qd8 24. Nxc6 bxc6 25. Qd3+ Kg8 26. Ne4 Re8 27. Nxf6+
Nxf6 28. Rxe8+ Nxe8 29. Re1 a4 30. Qc4 Qd7 31. Qxa4 Nd6 32. Bc3 Nb5 33. Bb4 Qd4
34. Qb3 Qf6 35. Bc3 Nxc3 36. Qxb8+ Kh7 37. Bb3 Nd5 38. c3 Nf4 39. Bc2+ g6 40.
Qxc7 Kg7 41. Qe5 h5 42. Qxf6+ Kxf6 43. a4 Ne6 44. a5 Nc7 45. Bd3 Nb5 46. Bxb5
cxb5 47. a6 1-0

[Event "Ostsjaellands EMT 2004"]
[Site "Faxe"]
[Date "2004.04.28"]
[Round "6"]
[White "Hansen, Arne Mandrup"]
[Black "Lillebro, Verner"]
[Result "1-0"]
[WhiteElo "1298"]
[BlackElo "1219"]
[PlyCount "55"]
[EventDate "2004.??.??"]

1. d4 Nf6 2. Bf4 e6 3. e3 d5 4. Nf3 Nc6 5. h3 Bd6 6. Ne5 Bxe5 7. Bxe5 Nxe5 8.
dxe5 Nd7 9. Qg4 O-O 10. Qg3 c6 11. Nd2 Qc7 12. f4 f6 13. exf6 Nxf6 14. Bd3 b5
15. e4 Nh5 16. Qh2 Nxf4 17. O-O Qb6+ 18. Kh1 e5 19. Nf3 Re8 20. Nxe5 Nxd3 21.
cxd3 dxe4 22. dxe4 Bb7 23. Rf5 Qd4 24. Qf4 c5 25. Re1 Rf8 26. Nf7 Qxb2 27. Rf1
Rxf7 28. Rxf7 1-0

[Event "Ostsjaellands EMT 2004"]
[Site "Faxe"]
[Date "2004.04.28"]
[Round "6"]
[White "Hansen, Mogens Egon"]
[Black "Toftvang, Ove"]
[Result "1-0"]
[WhiteElo "1357"]
[BlackElo "1261"]
[PlyCount "99"]
[EventDate "2004.??.??"]

1. d4 d5 2. c4 e6 3. Nc3 Nf6 4. Bg5 Be7 5. Nf3 h6 6. Bh4 b6 7. cxd5 exd5 8. e3
O-O 9. Be2 Bb7 10. O-O Nh7 11. Bxe7 Qxe7 12. Qc2 Nf6 13. Bd3 Ba6 14. Bxa6 Nxa6
15. a3 c6 16. Rac1 Rae8 17. Qa4 Nb8 18. b4 a6 19. Qb3 Kh8 20. Ne5 c5 21. bxc5
bxc5 22. Nxd5 Nxd5 23. Qxd5 Kh7 24. Rxc5 Rd8 25. Qc4 Rd6 26. Rc1 f6 27. Qd3+ f5
28. f4 Qf6 29. Rc8 Rdd8 30. Rxd8 Qxd8 31. Qc2 Qd5 32. Qc5 Qd8 33. h3 h5 34. d5
Rf6 35. Nc6 Qe8 36. Ne5 Qd8 37. Rd1 Nd7 38. Nxd7 Qxd7 39. d6 Rf7 40. Rd5 g6 41.
Re5 Kg8 42. Qd5 Kg7 43. Qd4 Kh7 44. Qc5 Kg8 45. Kf2 h4 46. Ke2 Kf8 47. Qd4 Kg8
48. Rc5 Qb7 49. Kf2 Rd7 50. Rd5 1-0